[Event "Quebec op"]
[Site "Montreal CAN"]
[Date "2001.07.27"]
[Round "8"]
[White "Grondin, Jean-Philippe"]
[Black "Gaspariants, Vladimir"]
[Result "1-0"]
[WhiteElo "2261"]
[BlackElo "2305"]
[PlyCount "122"]
[GameId "2160767911563771"]
[EventDate "2001.07.21"]
[EventType "swiss"]
[EventRounds "9"]
[EventCountry "CAN"]
[SourceTitle "EXT 2002"]
[Source "ChessBase"]
[SourceDate "2001.11.25"]
[SourceVersion "1"]
[SourceVersionDate "2001.11.25"]
[SourceQuality "1"]

1. e4 g6 2. d4 Bg7 3. Nf3 c6 4. Nc3 d6 5. a4 Nf6 6. Be2 O-O 7. O-O Nbd7 8. h3 e5 9. dxe5 dxe5 10. Be3 Qe7 11. Qb1 Nh5 12. a5 Nc5 13. b4 Ne6 14. Rd1 Nhf4 15. Bf1 Qf6 16. Ne1 Nd4 17. Kh2 g5 18. Na4 g4 19. c3 Nde6 20. Nc5 gxh3 21. g3 Nxc5 22. Bxc5 Ne6 23. Be3 Ng5 24. Be2 Qg6 25. f3 f5 26. Bc5 f4 27. g4 Nxf3+ 28. Bxf3 Bxg4 29. Qa2+ Rf7 30. Qf2 h5 31. Nc2 Bf6 32. Rg1 Rg7 33. Rad1 Qf7 34. Qe2 Bh4 35. Bf2 Bg3+ 36. Bxg3 Bxf3 37. Qxf3 fxg3+ 38. Rxg3 Qxf3 39. Rxf3 Rg2+ 40. Kxh3 Rxc2 41. Rg1+ Kh7 42. Rf5 Kh6 43. Rxe5 Rf8 44. Rg3 Rf6 45. Re7 Rff2 46. Re6+ Kh7 47. Kh4 Rh2+ 48. Kg5 h4 49. Re7+ Kg8 50. Rf3 Rcd2 51. e5 Rd8 52. e6 Rf8 53. Rxf8+ Kxf8 54. Rxb7 a6 55. Kf6 Rf2+ 56. Ke5 h3 57. Rh7 Rh2 58. Kd6 Kg8 59. Rh4 Rc2 60. Kd7 Kg7 61. e7 Rd2+ 1-0

[Event "Quebec op"]
[Site "Montreal CAN"]
[Date "2001.07.27"]
[Round "8"]
[White "Michaud, Gerald"]
[Black "Masse, Hugues"]
[Result "0-1"]
[WhiteElo "1943"]
[BlackElo "2144"]
[PlyCount "56"]
[GameId "2160767911563776"]
[EventDate "2001.07.21"]
[EventType "swiss"]
[EventRounds "9"]
[EventCountry "CAN"]

1. d4 Nf6 2. Nf3 g6 3. Nc3 d5 4. Bf4 Bg7 5. e3 O-O 6. Be2 c5 7. Ne5 cxd4 8. exd4 Nc6 9. Bb5 Nh5 10. Nxc6 bxc6 11. Bxc6 Nxf4 12. Qf3 Rb8 13. Qxf4 Ba6 14. Bxd5 e5 15. dxe5 Bxe5 16. Qxe5 Re8 17. Qxe8+ Qxe8+ 18. Kd2 Qd8 19. Rae1 Qg5+ 20. f4 Qxf4+ 21. Kd1 Rd8 22. Re4 Qg5 23. Rd4 Bb7 24. h4 Qf6 25. Rd2 Bxd5 26. Nxd5 Qxb2 27. Rf1 Qb1+ 28. Ke2 Qb5+ 0-1

[Event "Quebec op"]
[Site "Montreal CAN"]
[Date "2001.07.27"]
[Round "8"]
[White "Plante, Michel"]
[Black "Feoktistov, Dmitri"]
[Result "1-0"]
[WhiteElo "1975"]
[BlackElo "2042"]
[PlyCount "119"]
[GameId "2160767911563779"]
[EventDate "2001.07.21"]
[EventType "swiss"]
[EventRounds "9"]
[EventCountry "CAN"]

1. d4 d5 2. Nf3 Nf6 3. e3 e6 4. Bd3 Be7 5. Nbd2 O-O 6. O-O b6 7. Ne5 c5 8. c3 Ba6 9. Bxa6 Nxa6 10. Nc6 Qd7 11. Nxe7+ Qxe7 12. Qe2 Nc7 13. dxc5 Qxc5 14. e4 Rfd8 15. e5 Nd7 16. Nf3 Rac8 17. Re1 Qb5 18. Nd4 Qxe2 19. Rxe2 Na6 20. Bg5 Rf8 21. Be7 Rfe8 22. Bh4 Rc4 23. Bg3 Nac5 24. f3 Nb7 25. Re3 Rec8 26. f4 g6 27. Be1 a6 28. g4 Nb8 29. Rd1 Nc6 30. Ne2 Nc5 31. Bh4 Re4 32. Kf2 Rxe3 33. Kxe3 Na5 34. b3 b5 35. Ng3 Nc6 36. Ra1 b4 37. c4 d4+ 38. Kd2 d3 39. Ke3 Rc7 40. Rd1 Rd7 41. Ne4 Nxe4 42. Kxe4 d2 43. Ke3 Kf8 44. Rxd2 Ke8 45. Rxd7 Kxd7 46. Ke4 Ke8 47. Bf2 Kd7 48. Bc5 Kc7 49. Kd3 Kd7 50. a3 bxa3 51. Bxa3 g5 52. Bc1 Nb4+ 53. Ke4 Nc6 54. Bd2 gxf4 55. Kxf4 Nd4 56. b4 Kc6 57. Ke3 Nb3 58. Kd3 a5 59. bxa5 Kb7 60. Be3 1-0

[Event "Quebec op"]
[Site "Montreal CAN"]
[Date "2001.07.27"]
[Round "8"]
[White "Poulin, Maurice"]
[Black "Barbeau, Sylvain"]
[Result "1/2-1/2"]
[WhiteElo "2084"]
[BlackElo "2490"]
[PlyCount "106"]
[GameId "2160767911563780"]
[EventDate "2001.07.21"]
[EventType "swiss"]
[EventRounds "9"]
[EventCountry "CAN"]

1. e4 e5 2. Nf3 Nc6 3. c3 d6 4. d4 Qe7 5. d5 Nd8 6. Bb5+ c6 7. Ba4 g6 8. c4 Bd7 9. Nc3 f5 10. Bg5 Nf6 11. dxc6 bxc6 12. O-O Ne6 13. Bh4 Rb8 14. Bc2 f4 15. Rb1 h6 16. Bxf6 Qxf6 17. Re1 g5 18. Nd2 h5 19. b4 g4 20. b5 cxb5 21. Nd5 Qg6 22. cxb5 g3 23. hxg3 fxg3 24. f4 Nxf4 25. Nxf4 exf4 26. e5 Qg7 27. Ne4 dxe5 28. Nd6+ Kd8 29. Rxe5 Rh6 30. Rd5 Bxd6 31. Rxd6 Rxd6 32. Qxd6 Rb6 33. Qd5 Qc3 34. Rd1 Qe3+ 35. Kh1 Qe6 36. Qa8+ Ke7 37. Qxa7 Rxb5 38. Rxd7+ Qxd7 39. Qxd7+ Kxd7 40. Ba4 Kc6 41. Kg1 h4 42. Kf1 Kc5 43. Bxb5 Kxb5 44. Ke2 Kc4 45. a4 h3 46. gxh3 g2 47. Kf2 f3 48. a5 Kd3 49. a6 g1=Q+ 50. Kxg1 Ke2 51. a7 f2+ 52. Kh2 f1=Q 53. a8=Q Qf4+ 1/2-1/2

[Event "Quebec op"]
[Site "Montreal CAN"]
[Date "2001.07.27"]
[Round "8"]
[White "Robichaud, Louis"]
[Black "Yoon, Richard"]
[Result "1-0"]
[WhiteElo "2169"]
[BlackElo "1492"]
[PlyCount "127"]
[GameId "2160767911563781"]
[EventDate "2001.07.21"]
[EventType "swiss"]
[EventRounds "9"]
[EventCountry "CAN"]

1. e4 c5 2. Nc3 d6 3. g3 Nc6 4. Bg2 Nf6 5. d3 g6 6. f4 Bg7 7. Nf3 Bg4 8. h3 Bxf3 9. Qxf3 Rb8 10. O-O O-O 11. Qf2 a6 12. Kh1 Qc7 13. g4 e6 14. f5 Nd7 15. Qh4 b5 16. f6 Bh8 17. g5 Nd4 18. Bd2 b4 19. Nd1 Nxc2 20. Rc1 Nd4 21. Qh6 Ne2 22. Rf4 Nxf4 23. Bxf4 Rfc8 24. Qh4 Rd8 25. Ne3 Nb6 26. b3 a5 27. Nc4 Nxc4 28. dxc4 e5 29. Be3 Ra8 30. Bf3 Rdb8 31. Rg1 Qd8 32. Bd1 Ra7 33. Rg2 Rba8 34. Rd2 Rc7 35. Qf2 Qf8 36. Kh2 Rd8 37. Rd5 Qe8 38. Bc2 Rcc8 39. Kg2 Qd7 40. Bd1 Qe8 41. Bc2 Rc6 42. Kh2 Ra8 43. Rd1 Qe6 44. Rf1 Rca6 45. Bd1 Qe8 46. Qd2 Qc6 47. Qd3 Qe8 48. Bd2 Qc6 49. Be1 Qd7 50. Bh4 a4 51. Rf2 a3 52. Bg4 Qc7 53. Rd2 Rd8 54. Qd5 Qc6 55. Qd3 Rda8 56. Qe3 Re8 57. Rd5 Rea8 58. Qd2 Qc7 59. Bf2 Rc6 60. Bh4 Rd8 61. Qf2 Rf8 62. Rd1 Rd8 63. Qf3 Re8 64. Kh1 1-0

[Event "Quebec op"]
[Site "Montreal CAN"]
[Date "2001.07.27"]
[Round "8"]
[White "Roy, Alain"]
[Black "St Amand, Paul Jr"]
[Result "1/2-1/2"]
[WhiteElo "2146"]
[BlackElo "2126"]
[PlyCount "117"]
[GameId "2160767911563782"]
[EventDate "2001.07.21"]
[EventType "swiss"]
[EventRounds "9"]
[EventCountry "CAN"]

1. d4 Nf6 2. Nf3 e6 3. Bg5 c5 4. e3 b6 5. Nbd2 Be7 6. Bd3 Bb7 7. c3 h6 8. Bxf6 Bxf6 9. O-O cxd4 10. exd4 d6 11. Re1 Nd7 12. Qb3 O-O 13. Rad1 Re8 14. Be4 Qc7 15. Re3 Rac8 16. Bxb7 Qxb7 17. Rde1 d5 18. Nf1 Qc7 19. Ng3 Be7 20. Nh5 Qc4 21. Qc2 Qxa2 22. Nd2 Qa6 23. Rg3 Bf8 24. Nf3 Kh8 25. Qd2 Nf6 26. Rh3 Nxh5 27. Rxh5 Qb7 28. Ne5 f6 29. Ng6+ Kh7 30. Qd3 f5 31. Nxf8+ Rxf8 32. Rh3 Qf7 33. Rhe3 Rfe8 34. b3 Rc6 35. c4 dxc4 36. bxc4 Rec8 37. d5 exd5 38. cxd5 Rc1 39. d6 Rxe1+ 40. Rxe1 Rd8 41. Rd1 Rd7 42. h3 Qe6 43. Qd4 Kg8 44. Kf1 b5 45. Kg1 a5 46. Qc5 b4 47. Qxa5 Rxd6 48. Rxd6 Qxd6 49. Qxf5 Qd1+ 50. Kh2 b3 51. Qe6+ Kf8 52. Qf5+ Ke7 53. Qe5+ Kd8 54. Qa5+ Kd7 55. Qb5+ Ke6 56. Qe8+ Kf6 57. Qf8+ Kg6 58. Qe8+ Kh7 59. Qe4+ 1/2-1/2

[Event "Quebec op"]
[Site "Montreal CAN"]
[Date "2001.07.27"]
[Round "8"]
[White "Tessier, Olivier"]
[Black "Constantineau, Yvan"]
[Result "1-0"]
[WhiteElo "2060"]
[BlackElo "2169"]
[PlyCount "77"]
[GameId "2160767911563784"]
[EventDate "2001.07.21"]
[EventType "swiss"]
[EventRounds "9"]
[EventCountry "CAN"]

1. Nf3 d5 2. c4 e6 3. b3 Nf6 4. Bb2 c5 5. cxd5 exd5 6. d4 cxd4 7. Nxd4 Bb4+ 8. Bc3 Qa5 9. Qd2 Na6 10. a3 Bxc3 11. Nxc3 O-O 12. e3 Bd7 13. b4 Qb6 14. Bd3 Rac8 15. O-O Rfd8 16. Rfc1 Nc7 17. Qb2 Qd6 18. h3 Qe5 19. Nf3 Qh5 20. Ne2 Ne4 21. Nf4 Qf5 22. Ne5 f6 23. Nxd7 Qxd7 24. Nxd5 Nxd5 25. Bxe4 Nb6 26. Qe2 f5 27. Bc2 Rf8 28. Bb3+ Kh8 29. Qf3 Qe7 30. Rxc8 Nxc8 31. Rc1 b6 32. Qc6 h6 33. Rd1 Qe5 34. Be6 Ne7 35. Qd7 Qf6 36. Bc4 f4 37. exf4 Qxf4 38. Qxe7 Qxf2+ 39. Kh1 1-0

[Event "Quebec op"]
[Site "Montreal CAN"]
[Date "2001.07.27"]
[Round "8"]
[White "Vaingorten, Yaaqov"]
[Black "Audet-Bouchard, Nicolas"]
[Result "0-1"]
[WhiteElo "2321"]
[BlackElo "2069"]
[PlyCount "58"]
[GameId "2160767911563785"]
[EventDate "2001.07.21"]
[EventType "swiss"]
[EventRounds "9"]
[EventCountry "CAN"]

1. d4 Nf6 2. Nf3 c5 3. d5 e6 4. c4 b5 5. e4 Nxe4 6. Bd3 Nf6 7. dxe6 fxe6 8. cxb5 Bb7 9. Nc3 Be7 10. O-O O-O 11. Ne5 d6 12. Ng4 Nbd7 13. Re1 Nxg4 14. Qxg4 e5 15. Bh6 Bf6 16. Re3 Kh8 17. Bxg7+ Bxg7 18. Rh3 Nf6 19. Qh4 h6 20. Re1 Nh7 21. Qc4 Qf6 22. f3 Ng5 23. Rg3 Rae8 24. Nd5 Qf7 25. b4 Bxd5 26. Qg4 Bxf3 27. gxf3 Nxf3+ 28. Rxf3 Qxf3 29. Qg6 Qf2+ 0-1

[Event "Quebec op"]
[Site "Montreal CAN"]
[Date "2001.07.27"]
[Round "8"]
[White "Voskanyan, Vahagn"]
[Black "Beaulieu, Pierre"]
[Result "0-1"]
[WhiteElo "2390"]
[BlackElo "2059"]
[PlyCount "56"]
[GameId "2160767911563786"]
[EventDate "2001.07.21"]
[EventType "swiss"]
[EventRounds "9"]
[EventCountry "CAN"]

1. d4 Nf6 2. c4 c5 3. d5 b5 4. cxb5 a6 5. bxa6 Bxa6 6. Nc3 g6 7. e3 Bxf1 8. Kxf1 d6 9. Nge2 Bg7 10. g3 Nbd7 11. Kg2 O-O 12. Rb1 Qb8 13. f3 Rc8 14. b3 Qb6 15. Rf1 Qa6 16. Qc2 e6 17. dxe6 fxe6 18. Bb2 Ne5 19. Nf4 d5 20. Na4 Nfd7 21. Qe2 c4 22. Rfd1 cxb3 23. axb3 Qxe2+ 24. Nxe2 Rc2 25. Kf2 Nxf3 26. Kxf3 Rf8+ 27. Nf4 Bxb2 28. g4 Be5 0-1

[Event "Quebec op"]
[Site "Montreal CAN"]
[Date "2001.07.28"]
[Round "9"]
[White "Audet-Bouchard, Nicolas"]
[Black "Beaulieu, Eric"]
[Result "1-0"]
[WhiteElo "2069"]
[BlackElo "2218"]
[PlyCount "85"]
[GameId "2160767911563787"]
[EventDate "2001.07.21"]
[EventType "swiss"]
[EventRounds "9"]
[EventCountry "CAN"]

1. e4 e6 2. d4 d5 3. Nc3 Nf6 4. Bg5 dxe4 5. Nxe4 Be7 6. Bxf6 gxf6 7. Nf3 a6 8. Bd3 f5 9. Ng3 c5 10. dxc5 Qa5+ 11. c3 Qxc5 12. O-O Nc6 13. Re1 Bd7 14. Qd2 h5 15. Ne2 Ne5 16. Nxe5 Qxe5 17. Nd4 Qd6 18. Rad1 O-O-O 19. Qe3 Bf6 20. Bf1 Qc7 21. c4 Qc5 22. b4 Qxb4 23. Rb1 Qc5 24. Qb3 Qc7 25. Nb5 axb5 26. cxb5 Qb6 27. a4 Bd4 28. a5 Bxf2+ 29. Kh1 Qd4 30. Rec1+ Kb8 31. b6 Ba4 32. Qf3 Rc8 33. a6 Bc6 34. Qa3 bxa6 35. Qxa6 Qa4 36. Qe2 Bd4 37. Rc4 Qa6 38. Qd2 Bb5 39. Qxd4 Bxc4 40. Ra1 Qxa1 41. Qxa1 Rc6 42. Qa7+ Kc8 43. b7+ 1-0

[Event "Quebec op"]
[Site "Montreal CAN"]
[Date "2001.07.28"]
[Round "9"]
[White "Barbeau, Sylvain"]
[Black "Luksza, Arkadiusz"]
[Result "1-0"]
[WhiteElo "2365"]
[BlackElo "2073"]
[PlyCount "88"]
[GameId "2160767911563788"]
[EventDate "2001.07.21"]
[EventType "swiss"]
[EventRounds "9"]
[EventCountry "CAN"]
[SourceTitle "EXT 2002"]
[Source "ChessBase"]
[SourceDate "2001.11.25"]
[SourceVersion "1"]
[SourceVersionDate "2001.11.25"]
[SourceQuality "1"]

1. f4 g6 2. Nf3 Bg7 3. g3 d6 4. Bg2 c6 5. a4 e5 6. Nc3 exf4 7. gxf4 d5 8. O-O Nf6 9. e3 O-O 10. Ne2 c5 11. Ne5 Nc6 12. Nxc6 bxc6 13. Rb1 Rb8 14. b3 Re8 15. Ba3 Qb6 16. Ng3 d4 17. e4 Bg4 18. Qe1 Bd7 19. e5 Nd5 20. Ne4 Bf5 21. Bxc5 Qa5 22. Bxd4 Bxe4 23. Bxe4 f6 24. d3 Qxe1 25. Rbxe1 fxe5 26. Bxd5+ cxd5 27. Bxe5 Bxe5 28. Rxe5 Red8 29. Rf2 Rb7 30. Kf1 Kf7 31. Ke1 Rd6 32. Kd2 Rc7 33. c3 Kf6 34. Rf1 h6 35. h4 Rdc6 36. c4 dxc4 37. bxc4 a6 38. Rb1 Rd7 39. Ke3 Rcd6 40. Rb3 g5 41. hxg5+ hxg5 42. Rxg5 Re7+ 43. Re5 Rxe5+ 44. fxe5+ Kxe5 1-0

[Event "Quebec op"]
[Site "Montreal CAN"]
[Date "2001.07.28"]
[Round "9"]
[White "Constantineau, Yvan"]
[Black "Fortier, Marc-Andre"]
[Result "0-1"]
[WhiteElo "2169"]
[BlackElo "2073"]
[PlyCount "84"]
[GameId "2160767911563789"]
[EventDate "2001.07.21"]
[EventType "swiss"]
[EventRounds "9"]
[EventCountry "CAN"]

1. d4 f5 2. e4 fxe4 3. Nc3 Nf6 4. Bg5 Nc6 5. f4 exf3 6. Nxf3 d5 7. Bb5 Qd6 8. Ne5 Bd7 9. Bxc6 Bxc6 10. O-O g6 11. Bf4 Qd8 12. Qd3 Bg7 13. Nb5 Nh5 14. Nxc6 Nxf4 15. Rxf4 bxc6 16. Nc3 Qd6 17. Raf1 Bf6 18. Na4 O-O 19. c3 e5 20. dxe5 Bxe5 21. Rxf8+ Rxf8 22. Rxf8+ Qxf8 23. g3 Qd6 24. b3 Kg7 25. Kg2 c5 26. Kf1 Qc6 27. Qe3 Qf6+ 28. Ke2 d4 29. Qe4 dxc3 30. Nxc5 Qd6 31. Nd3 Bf6 32. Qc4 h5 33. Kf3 g5 34. h3 Qd7 35. g4 h4 36. Ke4 Qe8+ 37. Kf3 Qf7 38. Qc6 Qe7 39. Qc4 Qd6 40. Ke4 c6 41. b4 Qh2 42. Qa6 Qe2+ 0-1

[Event "Quebec op"]
[Site "Montreal CAN"]
[Date "2001.07.28"]
[Round "9"]
[White "Gulko, Andrei"]
[Black "Roy, Alain"]
[Result "1/2-1/2"]
[WhiteElo "1978"]
[BlackElo "2146"]
[PlyCount "103"]
[GameId "2160767911563792"]
[EventDate "2001.07.21"]
[EventType "swiss"]
[EventRounds "9"]
[EventCountry "CAN"]

1. d4 Nf6 2. Bg5 g6 3. Bxf6 exf6 4. e3 Bg7 5. c4 O-O 6. Nc3 Re8 7. g3 d6 8. Bg2 c6 9. Nge2 Nd7 10. h4 Nb6 11. b3 Bg4 12. Qd3 a5 13. a3 Bf5 14. Qd2 Qd7 15. h5 a4 16. Nxa4 Nxa4 17. bxa4 Rxa4 18. hxg6 hxg6 19. Nc3 Ra7 20. O-O Bh6 21. Rfe1 Qd8 22. d5 c5 23. Nb5 Ra6 24. Bf1 Qd7 25. Bd3 Be4 26. Bxe4 Rxe4 27. Qd3 Qg4 28. Kg2 Re5 29. Rh1 Bg7 30. Rh4 Qd7 31. Rah1 f5 32. Qb1 Re8 33. R1h2 Qe7 34. Qh1 f6 35. Kg1 Kf7 36. Qf3 Ra4 37. g4 fxg4 38. Rxg4 Qe5 39. Rh3 Rh8 40. Qg3 Rxh3 41. Qxh3 f5 42. Rh4 g5 43. Rh6 Bxh6 44. Qxh6 Ra6 45. Qh7+ Qg7 46. Qxf5+ Kg8 47. Qe6+ Qf7 48. Qh6 Qe7 49. Qg6+ Kf8 50. Qh6+ Ke8 51. Qh8+ Kf7 52. Qh7+ 1/2-1/2

[Event "Quebec op"]
[Site "Montreal CAN"]
[Date "2001.07.28"]
[Round "9"]
[White "Hua, Lefong"]
[Black "Gilman, Arkadiy"]
[Result "1-0"]
[WhiteElo "2305"]
[BlackElo "2115"]
[PlyCount "39"]
[GameId "2160767911563794"]
[EventDate "2001.07.21"]
[EventType "swiss"]
[EventRounds "9"]
[EventCountry "CAN"]

1. c4 Nf6 2. Nc3 e6 3. e4 d5 4. e5 d4 5. exf6 dxc3 6. bxc3 Qxf6 7. d4 Nd7 8. Nf3 h6 9. Bd3 c5 10. O-O Bd6 11. Qe2 Qe7 12. Re1 O-O 13. Rb1 Rb8 14. Qe4 Nf6 15. Qh4 Ne8 16. Bg5 f6 17. Qe4 fxg5 18. Qh7+ Kf7 19. Ne5+ Bxe5 20. Bg6+ 1-0

[Event "Quebec op"]
[Site "Montreal CAN"]
[Date "2001.07.28"]
[Round "9"]
[White "Masse, Hugues"]
[Black "Fillion, Steve"]
[Result "1-0"]
[WhiteElo "2144"]
[BlackElo "2096"]
[PlyCount "61"]
[GameId "2160767911563797"]
[EventDate "2001.07.21"]
[EventType "swiss"]
[EventRounds "9"]
[EventCountry "CAN"]

1. e4 e6 2. d4 d5 3. e5 c5 4. c3 Qb6 5. Nf3 Bd7 6. Be2 Bb5 7. c4 Bxc4 8. Bxc4 Qb4+ 9. Nbd2 dxc4 10. O-O cxd4 11. Nxd4 Nd7 12. Qe2 Ne7 13. Nxc4 Nd5 14. Nb5 a6 15. Nbd6+ Bxd6 16. Nxd6+ Kf8 17. f4 f5 18. Kh1 h5 19. Rf3 b5 20. a3 Qa4 21. b3 Qd4 22. Bb2 Qa7 23. Qd2 g6 24. Bd4 Qb8 25. Rc1 Kg7 26. Qf2 Rf8 27. Qh4 Qd8 28. Qe1 N7b6 29. Rc6 Rb8 30. Qa5 Qh4 31. Bxb6 1-0

[Event "Quebec op"]
[Site "Montreal CAN"]
[Date "2001.07.28"]
[Round "9"]
[White "Ouellet-Leveille, Clement"]
[Black "Chu, Stefanie"]
[Result "0-1"]
[WhiteElo "1868"]
[BlackElo "1971"]
[PlyCount "90"]
[GameId "2160767911563800"]
[EventDate "2001.07.21"]
[EventType "swiss"]
[EventRounds "9"]
[EventCountry "CAN"]

1. e4 c5 2. Nf3 d6 3. d4 cxd4 4. Nxd4 Nf6 5. Nc3 a6 6. Be2 e6 7. O-O Nc6 8. Be3 Be7 9. Kh1 O-O 10. f4 Re8 11. Bf3 Qc7 12. Nb3 Bf8 13. Qe1 Rb8 14. g4 b5 15. g5 Nd7 16. Rg1 b4 17. Nd1 g6 18. Qh4 Bg7 19. Rg3 a5 20. Nf2 a4 21. Nd2 f5 22. gxf6 Nxf6 23. Rc1 Na5 24. e5 dxe5 25. fxe5 Nd5 26. Bxd5 exd5 27. Nf3 Nc4 28. Bf4 Qe7 29. Bg5 Qa7 30. Nd3 Bf5 31. Re1 b3 32. axb3 axb3 33. Nf4 Be4 34. Rxe4 dxe4 35. Rh3 Bxe5 36. Nxg6 bxc2 37. Qxe4 hxg6 38. Qxc4+ Qf7 39. Nxe5 Qxc4 40. Nxc4 Re1+ 41. Kg2 c1=Q 42. Bxc1 Rxc1 43. b3 Rc2+ 44. Kf3 Rxb3+ 45. Ne3 Rxe3+ 0-1

[Event "Quebec op"]
[Site "Montreal CAN"]
[Date "2001.07.28"]
[Round "9"]
[White "Prahov, Valentin"]
[Black "Chabot, Roland"]
[Result "1/2-1/2"]
[WhiteElo "2224"]
[BlackElo "2225"]
[PlyCount "67"]
[GameId "2160767911563801"]
[EventDate "2001.07.21"]
[EventType "swiss"]
[EventRounds "9"]
[EventCountry "CAN"]
[SourceTitle "EXT 2002"]
[Source "ChessBase"]
[SourceDate "2001.11.25"]
[SourceVersion "1"]
[SourceVersionDate "2001.11.25"]
[SourceQuality "1"]

1. e4 c5 2. Nf3 e6 3. d4 cxd4 4. Nxd4 Nf6 5. Nc3 d6 6. Be3 a6 7. a4 Nc6 8. Be2 Be7 9. O-O O-O 10. f4 Qc7 11. Qe1 Nxd4 12. Bxd4 e5 13. fxe5 dxe5 14. Qg3 Re8 15. Kh1 Bd8 16. Be3 Kh8 17. Rf2 Be6 18. Raf1 Be7 19. Bg5 Rf8 20. Qh4 Ng8 21. Bd3 Bxg5 22. Qxg5 Ne7 23. Qh5 f6 24. Nd5 Nxd5 25. exd5 Bg8 26. c4 e4 27. Bxe4 Qxc4 28. Rf4 h6 29. h3 Qd4 30. b3 Rad8 31. Qg6 Qe5 32. h4 Qe8 33. Qf5 Qd7 34. Qg6 1/2-1/2

[Event "Quebec op"]
[Site "Montreal CAN"]
[Date "2001.07.28"]
[Round "9"]
[White "Robichaud, Louis"]
[Black "Michaud, Gerald"]
[Result "0-1"]
[WhiteElo "2169"]
[BlackElo "1943"]
[PlyCount "60"]
[GameId "2160767911563802"]
[EventDate "2001.07.21"]
[EventType "swiss"]
[EventRounds "9"]
[EventCountry "CAN"]

1. e4 e6 2. d3 d5 3. Nd2 c5 4. Ngf3 Nc6 5. g3 Bd6 6. Bg2 Nge7 7. O-O O-O 8. Re1 Qc7 9. Qe2 f6 10. c3 b5 11. d4 c4 12. e5 fxe5 13. dxe5 Bc5 14. Nf1 Qb6 15. Be3 Bd7 16. Bxc5 Qxc5 17. Rad1 a5 18. Rd2 h6 19. h4 Rf7 20. N1h2 Raf8 21. a3 Qa7 22. Bh3 b4 23. axb4 axb4 24. h5 bxc3 25. bxc3 Qa3 26. Qe3 Nf5 27. Bxf5 Rxf5 28. Kg2 Be8 29. Rb1 Bxh5 30. Ng1 Rxe5 0-1

[Event "Quebec op"]
[Site "Montreal CAN"]
[Date "2001.07.28"]
[Round "9"]
[White "Rozentalis, Eduardas"]
[Black "Linskiy, Oleg"]
[Result "1-0"]
[WhiteElo "2588"]
[BlackElo "2412"]
[PlyCount "117"]
[GameId "2160767911563803"]
[EventDate "2001.07.21"]
[EventType "swiss"]
[EventRounds "9"]
[EventCountry "CAN"]
[SourceTitle "EXT 2002"]
[Source "ChessBase"]
[SourceDate "2001.11.25"]
[SourceVersion "1"]
[SourceVersionDate "2001.11.25"]
[SourceQuality "1"]

1. e4 e5 2. Nf3 d6 3. d4 exd4 4. Qxd4 a6 5. c4 Nc6 6. Qd2 Nf6 7. Nc3 g6 8. g3 Bg7 9. Bg2 O-O 10. O-O Rb8 11. Re1 Re8 12. Qc2 Bg4 13. Be3 b5 14. cxb5 axb5 15. Rac1 Bxf3 16. Bxf3 Ne5 17. Bg2 b4 18. Ne2 c5 19. h3 c4 20. Red1 Nd3 21. Rb1 Rc8 22. Nf4 Ne5 23. Bd4 Qa5 24. Ra1 Qb5 25. a4 bxa3 26. Rxa3 Nd3 27. Qc3 Nxf4 28. gxf4 Nh5 29. Bxg7 Nxg7 30. Rxd6 Rb8 31. Rd2 Ne6 32. Qf6 Rbd8 33. Ra7 Rf8 34. Rxd8 Nxd8 35. f5 Qc6 36. Qd4 Qb5 37. Rc7 Nc6 38. Qd6 Nb4 39. f6 Nd3 40. Qe7 h5 41. Rb7 Qa4 42. Bf1 Qa8 43. b3 Kh7 44. bxc4 Ne5 45. Be2 Re8 46. Qb4 Qa1+ 47. Qb1 Qd4 48. Re7 Ra8 49. Qb7 Ra2 50. Rxe5 Qxe5 51. Qxf7+ Kh6 52. Qf8+ Kg5 53. f7 Kh4 54. Qd8+ g5 55. f8=Q Rxe2 56. Qd3 Re1+ 57. Kg2 Rg1+ 58. Kxg1 Qh2+ 59. Kxh2 1-0

[Event "Quebec op"]
[Site "Montreal CAN"]
[Date "2001.07.28"]
[Round "9"]
[White "St Amand, Paul Jr"]
[Black "Poulin, Maurice"]
[Result "1-0"]
[WhiteElo "2126"]
[BlackElo "2084"]
[PlyCount "95"]
[GameId "2160767911563804"]
[EventDate "2001.07.21"]
[EventType "swiss"]
[EventRounds "9"]
[EventCountry "CAN"]

1. e4 g6 2. d4 Bg7 3. Nc3 d6 4. f4 c6 5. Nf3 d5 6. e5 h5 7. Be3 a5 8. Qd2 Nh6 9. Be2 Na6 10. h3 Nf5 11. Bf2 Nc7 12. g3 Ne6 13. O-O-O Bh6 14. Ng5 Nxg5 15. fxg5 Bf8 16. Bf3 b5 17. Ne2 Ng7 18. Rdg1 Ne6 19. h4 b4 20. Nf4 Nxf4 21. Qxf4 a4 22. g4 hxg4 23. Bxg4 Bxg4 24. Qxg4 Qd7 25. Qxd7+ Kxd7 26. Rh3 e6 27. Rf3 Ke8 28. Rf1 Be7 29. Be1 Rh7 30. Bf2 Rc8 31. Rf4 Rb8 32. Rd1 Bf8 33. Rd3 Bg7 34. Rdf3 Rb7 35. Re3 Rh8 36. Be1 Bf8 37. Ref3 c5 38. dxc5 Bxc5 39. Bf2 Be7 40. Kd1 Rf8 41. Be1 Bc5 42. c3 bxc3 43. Rxc3 Be7 44. Rc8+ Bd8 45. Ba5 Rd7 46. Rb4 Ke7 47. Rbb8 Bxa5 48. Rxf8 1-0

[Event "Quebec op"]
[Site "Montreal CAN"]
[Date "2001.07.28"]
[Round "9"]
[White "Sullivan, Neil"]
[Black "Beaulieu, Pierre"]
[Result "1-0"]
[WhiteElo "2136"]
[BlackElo "2059"]
[PlyCount "80"]
[GameId "2160767911563805"]
[EventDate "2001.07.21"]
[EventType "swiss"]
[EventRounds "9"]
[EventCountry "CAN"]

1. e4 b6 2. d4 Bb7 3. Nd2 e6 4. Ngf3 Be7 5. Bd3 c5 6. c3 Qc7 7. O-O Nf6 8. Re1 Nc6 9. a3 d5 10. e5 Nd7 11. Nf1 h6 12. b4 c4 13. Bc2 a6 14. Bf4 O-O-O 15. a4 Na7 16. Bg3 Rdg8 17. N3d2 Nf8 18. f4 g6 19. Ne3 h5 20. Nf3 h4 21. Bf2 b5 22. Rf1 Nd7 23. Qe1 Qd8 24. Ra2 Nc6 25. Qe2 Kb8 26. Rfa1 Nb6 27. Ng4 Rh5 28. Be1 bxa4 29. Bxa4 Nxa4 30. Rxa4 Na7 31. Bd2 Nb5 32. Qe1 Qb6 33. Qe3 g5 34. fxg5 Rhxg5 35. h3 R5g6 36. Qe1 Qd8 37. Qb1 R8g7 38. Kh1 Bc8 39. Qe1 Ka7 40. Bf4 Rxg4 1-0

[Event "Quebec op"]
[Site "Montreal CAN"]
[Date "2001.07.28"]
[Round "9"]
[White "Turov, Maxim"]
[Black "Grondin, Jean-Philippe"]
[Result "1-0"]
[WhiteElo "2550"]
[BlackElo "2261"]
[PlyCount "57"]
[GameId "2160767911563806"]
[EventDate "2001.07.21"]
[EventType "swiss"]
[EventRounds "9"]
[EventCountry "CAN"]
[SourceTitle "EXT 2002"]
[Source "ChessBase"]
[SourceDate "2001.11.25"]
[SourceVersion "1"]
[SourceVersionDate "2001.11.25"]
[SourceQuality "1"]

1. e4 e5 2. Nf3 Nc6 3. Bc4 Nf6 4. d3 Bc5 5. O-O d6 6. c3 Bb6 7. Re1 O-O 8. a4 a6 9. h3 h6 10. Nbd2 Re8 11. Nf1 Be6 12. Bxe6 Rxe6 13. Nh4 d5 14. Qe2 Nxe4 15. dxe4 Qxh4 16. exd5 Rg6 17. dxc6 Qxh3 18. Qe4 f5 19. Qd5+ Kh7 20. Ne3 f4 21. Qe4 Qh5 22. cxb7 Rf8 23. b8=Q Rxb8 24. Nd5 Qg5 25. b4 Rd8 26. Nxb6 cxb6 27. Ra2 Rd3 28. f3 Qg3 29. Rf2 1-0

[Event "Quebec op U1500"]
[Site "Montreal CAN"]
[Date "2001.07.27"]
[Round "8"]
[White "Ponce, Michel"]
[Black "Simard, Jole"]
[Result "1-0"]
[WhiteElo "1485"]
[BlackElo "1484"]
[PlyCount "57"]
[GameId "2160767911563808"]
[EventDate "2001.07.21"]
[EventType "swiss"]
[EventRounds "9"]
[EventCountry "CAN"]

1. d4 Nf6 2. c4 e6 3. Nc3 Bb4 4. Bg5 h6 5. Bf4 O-O 6. a3 Bxc3+ 7. bxc3 c5 8. e3 d5 9. Bd3 Nbd7 10. Ne2 b6 11. cxd5 exd5 12. h3 Re8 13. g4 Ne4 14. Bxe4 Rxe4 15. Ng3 Re8 16. h4 g5 17. hxg5 hxg5 18. Bd6 Nf6 19. Be5 Rxe5 20. dxe5 Nxg4 21. Qd3 Be6 22. f3 Nxe3 23. Qxe3 d4 24. cxd4 cxd4 25. Qe4 Bd5 26. Qh7+ Kf8 27. Qh8+ Ke7 28. Qf6+ Kd7 29. Qd6+ 1-0